[Event "7th UI&UL GM"]
[Site "Dhaka BAN"]
[Date "2005.04.05"]
[Round "1"]
[White "Ganguly,S"]
[Black "Syed Anwar,S"]
[Result "1/2-1/2"]
[WhiteElo "2583"]
[BlackElo "2305"]
[EventDate "2005.04.05"]

1. e4 c6 2. d4 d5 3. f3 g6 4. Nc3 Bg7 5. Be3 dxe4 6. fxe4 Nf6 7. Nf3 Ng4 8.
Bg5 f6 9. Bf4 e5 10. dxe5 Qxd1+ 11. Rxd1 Nxe5 12. Nxe5 fxe5 13. Bg5 Be6 14.
Rd6 Bd7 15. Bc4 Bf8 16. Rd3 Be7 17. Bh6 Bf8 18. Be3 b5 19. Bb3 Be7 20. O-O
Rf8 21. Rfd1 g5 22. h3 h5 23. R1d2 h4 24. Rd1 g4 25. Bh6 Rf6 26. Bg5 Rg6
27. Bxe7 Kxe7 28. hxg4 Bxg4 29. Rf1 Rg7 30. Nd5+ cxd5 31. Bxd5 Be2 32. Bxa8
Bxd3 33. cxd3 h3 34. Rf2 Kd6 35. b4 Rxg2+ 36. Rxg2 hxg2 37. Kxg2 Na6 38. a3
Nc7 39. Bb7 Ne6 40. Ba6 Nd4 41. Kg3 Ke7 42. Kg4 Kf6 43. Kh5 Nc2 44. Bxb5
Nxa3 45. Ba4 Nb1 46. Kh6 Nc3 47. Bb3 Nb5 48. Kh7 Nd4 49. Bc4 Nc6 50. b5 Nd4
51. Kg8 Ke7 52. Kg7 Nf3 53. Kg6 Nd4 54. Kg5 Kd7 55. Kf6 Kd6 56. Kg7 Ke7 57.
Kg6 Ne2 58. Kf5 Kd6 59. Kg5 Ke7 60. Bb3 Nd4 61. Bc4 Ne2 62. Bd5 Nf4 63. Bc4
1/2-1/2

[Event "7th UI&UL GM"]
[Site "Dhaka BAN"]
[Date "2005.04.05"]
[Round "1"]
[White "Mohota,N"]
[Black "Rahman,Zia"]
[Result "0-1"]
[WhiteElo "2297"]
[BlackElo "2538"]
[EventDate "2005.04.05"]

1. d4 e6 2. c4 b6 3. Nc3 Bb7 4. a3 g6 5. e4 Bg7 6. Nf3 Ne7 7. Be3 d6 8. Qd2
h6 9. d5 Nd7 10. g3 e5 11. Bg2 f5 12. Qc2 O-O 13. O-O f4 14. Bd2 Bc8 15.
Ne1 h5 16. f3 g5 17. Nd3 Ng6 18. b4 Bh6 19. Rf2 Nf6 20. Ne2 Rf7 21. Kf1 Bd7
22. Ke1 Rc8 23. a4 c6 24. Qb3 Qf8 25. a5 b5 26. cxb5 cxd5 27. b6 axb6 28.
axb6 dxe4 29. fxe4 Rb8 30. Ra6 Ng4 31. Rf1 Nxh2 32. Rh1 f3 33. Rxh2 fxg2
34. Rxg2 Qe8 35. Be3 Be6 36. Qa3 Rf3 37. Bf2 Bc4 38. Nec1 Bxa6 39. Qxa6 Qc6
40. Qa2+ Kh8 41. Qe2 g4 42. Na2 Ra8 43. b5 Qxb5 44. Ndb4 Qxe2+ 45. Kxe2
Rfa3 46. b7 Rxa2+ 47. Nxa2 Rxa2+ 48. Kd3 Rb2 49. Be3 Rxb7 50. Bxh6 Kh7 51.
Bg5 Nf8 52. Kc4 Kg6 53. Be3 Rc7+ 54. Kb4 Rf7 55. Rd2 Rf6 56. Kb5 Nh7 57.
Kc6 Ng5 58. Kd5 Rf3 59. Bf2 Ra3 60. Re2 Rd3+ 61. Kc6 Nf3 62. Kd7 Kf7 63.
Ra2 d5 64. exd5 Rxd5+ 65. Kc6 Ke6 66. Ra7 Rd2 67. Bc5 Nd4+ 68. Bxd4 Rxd4
69. Rh7 Rc4+ 0-1

[Event "7th UI&UL GM"]
[Site "Dhaka BAN"]
[Date "2005.04.05"]
[Round "1"]
[White "Murshed,N"]
[Black "Ram,S"]
[Result "1/2-1/2"]
[WhiteElo "2487"]
[BlackElo "2255"]
[EventDate "2005.04.05"]

1. d4 d5 2. c4 e6 3. Nf3 Nf6 4. Bg5 Be7 5. e3 O-O 6. Bd3 dxc4 7. Bxc4 c5 8.
Nc3 Nc6 9. dxc5 Qa5 10. O-O Rd8 11. Qe2 Qxc5 12. Rac1 Bd7 13. Bd3 Qa5 14.
Bb1 Be8 15. a3 Rac8 16. Rfd1 a6 17. h3 Rxd1+ 18. Qxd1 Ne5 19. Nxe5 Qxe5 20.
Bf4 Qa5 21. Qb3 Bc6 22. Rd1 Rd8 23. Rxd8+ Qxd8 24. Qc2 g6 25. Ba2 Nh5 26.
Bh2 Bd6 27. Bxd6 Qxd6 28. Qd1 Qxd1+ 29. Nxd1 Nf6 30. Nc3 Kf8 31. f3 Ke7 32.
Kf2 g5 33. f4 gxf4 34. exf4 h5 35. g3 Ne4+ 36. Nxe4 Bxe4 37. Bc4 Bf5 38.
Be2 Bxh3 39. Bxh5 Bf5 40. Ke3 f6 41. Bf3 b6 42. g4 Bc2 43. Be4 Bb3 44. g5
e5 45. gxf6+ 1/2-1/2

[Event "7th UI&UL GM"]
[Site "Dhaka BAN"]
[Date "2005.04.05"]
[Round "1"]
[White "Rahman,SM"]
[Black "Reefat,S"]
[Result "0-1"]
[WhiteElo "2247"]
[BlackElo "2473"]
[EventDate "2005.04.05"]

1. e4 e6 2. d4 d5 3. Nc3 Nf6 4. e5 Nfd7 5. f4 c5 6. Nf3 Nc6 7. dxc5 Bxc5 8.
Bd3 a6 9. Qe2 Qc7 10. Bd2 b5 11. Nd1 h6 12. h4 O-O 13. Ng5 Re8 14. Qh5 hxg5
15. hxg5 Kf8 16. Qh8+ Ke7 17. Qxg7 Ncxe5 18. fxe5 Qxe5+ 19. Qxe5 Nxe5 20.
Ne3 Bb7 21. g6 Rh8 22. Rxh8 Rxh8 23. gxf7 Nxd3+ 24. cxd3 Bxe3 0-1

[Event "7th UI&UL GM"]
[Site "Dhaka BAN"]
[Date "2005.04.05"]
[Round "1"]
[White "Vinoth,K"]
[Black "Abdulla,AlR"]
[Result "0-1"]
[WhiteElo "2238"]
[BlackElo "2462"]
[EventDate "2005.04.05"]

1. e4 e5 2. d3 Nc6 3. g3 Bc5 4. Bg2 Nf6 5. c3 d5 6. Qe2 O-O 7. b4 Bb6 8. a4
d4 9. a5 dxc3 10. axb6 Nd4 11. Qa2 Be6 12. Qa4 Bb3 13. Qa5 cxb6 14. Qxe5
Re8 15. Qf4 Nc2+ 16. Ke2 Nxa1 17. Nxc3 Nc2 18. Nf3 Nxb4 19. Ne1 Rc8 20. Bb2
a5 21. Kd2 Qd7 22. e5 Nfd5 23. Qg5 h6 24. Qh5 Nxc3 25. Bxc3 Bd5 26. Rg1
Bxg2 27. Rxg2 Nxd3 28. Nxd3 Rxc3 29. Kxc3 Qc6+ 0-1

[Event "7th UI&UL GM"]
[Site "Dhaka BAN"]
[Date "2005.04.05"]
[Round "1"]
[White "Sriram,J"]
[Black "Suresh,KT"]
[Result "1-0"]
[WhiteElo "2445"]
[BlackElo "2226"]
[EventDate "2005.04.05"]

1. d4 Nf6 2. c4 e5 3. dxe5 Ng4 4. Bf4 Nc6 5. Nf3 Bb4+ 6. Nbd2 Qe7 7. e3
Ngxe5 8. Nxe5 Nxe5 9. Be2 d6 10. O-O Bxd2 11. Qxd2 O-O 12. Qc3 b6 13. c5
Bb7 14. Rac1 Ng6 15. cxd6 cxd6 16. Bg3 Nh4 17. Rfd1 Rfc8 18. Qd3 Rxc1 19.
Rxc1 Rd8 20. Bxh4 Qxh4 21. Rc7 Be4 22. Qd4 d5 23. Qe5 h6 24. Rxa7 Rc8 25.
Rc7 Rxc7 26. Qxc7 Qf6 27. Qc3 Qd6 28. f3 Bf5 29. Qd4 Qc6 30. Kf2 h5 31. Qe5
g6 32. h4 Qc2 33. Qc3 Qb1 34. a3 Kh7 35. Qd4 Qc2 36. Qxd5 Be6 37. Qd4 b5
38. Qc3 Qf5 39. Qd3 Qf6 40. Qd4 Qf5 41. Bd3 1-0

[Event "7th UI&UL GM"]
[Site "Dhaka BAN"]
[Date "2005.04.05"]
[Round "1"]
[White "Ahmed,Mai"]
[Black "Vijayalakshmi,S"]
[Result "0-1"]
[WhiteElo "2222"]
[BlackElo "2412"]
[EventDate "2005.04.05"]

1. d4 Nf6 2. Nc3 d5 3. Bg5 e6 4. e4 dxe4 5. Nxe4 Be7 6. Bxf6 Bxf6 7. Nf3
Be7 8. Bd3 Nd7 9. c3 a6 10. a4 b6 11. O-O Bb7 12. Re1 O-O 13. Qc2 h6 14.
Rad1 Nf6 15. Ne5 Nd5 16. Ng3 Bd6 17. Bh7+ Kh8 18. Be4 b5 19. axb5 axb5 20.
Qe2 Rb8 21. Qf3 Qe8 22. b3 f5 23. Bb1 b4 24. c4 Nc3 25. Qd3 Nxd1 26. Qxd1
Bxe5 27. Rxe5 Qc6 28. f3 Rbd8 29. Qe2 Rxd4 30. Rxe6 Rd1+ 31. Nf1 Qc5+ 32.
Kh1 Rxb1 0-1

[Event "7th UI&UL GM"]
[Site "Dhaka BAN"]
[Date "2005.04.05"]
[Round "1"]
[White "Islam,AP"]
[Black "Roy Chowdhury,S"]
[Result "0-1"]
[WhiteElo "2203"]
[BlackElo "2397"]
[EventDate "2005.04.05"]

1. Nf3 c5 2. g3 Nc6 3. Bg2 g6 4. d4 cxd4 5. Nxd4 Bg7 6. c3 Nf6 7. O-O O-O
8. h3 d6 9. Na3 Bd7 10. Bg5 Qb6 11. Qd2 Rac8 12. Nac2 Qc7 13. Bh6 Ne5 14.
Bxg7 Kxg7 15. Ne3 b5 16. Kh2 Nc4 17. Qc1 e5 18. Ndc2 Be6 19. Nb4 a5 20.
Nbd5 Nxd5 21. Nxd5 Bxd5 22. Bxd5 Qc5 23. e4 Nb6 24. Bb3 a4 25. Bd1 f5 26.
exf5 Rxf5 27. Kg1 Rcf8 28. Qc2 d5 29. Bg4 R5f6 30. Rae1 e4 31. Kg2 Nc4 32.
Bd1 Ne5 33. b3 axb3 34. axb3 Nd3 35. Re2 Rxf2+ 36. Rexf2 Rxf2+ 0-1

[Event "7th UI&UL GM"]
[Site "Dhaka BAN"]
[Date "2005.04.05"]
[Round "1"]
[White "Saptarshi,R"]
[Black "Nikhilesh,K"]
[Result "1-0"]
[WhiteElo "2391"]
[BlackElo "2199"]
[EventDate "2005.04.05"]

1. d4 Nf6 2. Nc3 d5 3. Bg5 h6 4. Bh4 Bf5 5. f3 Nbd7 6. Nxd5 Nxd5 7. e4 Ne3
8. Qe2 Nxf1 9. exf5 Nb6 10. Bf2 Qd5 11. g4 Nc4 12. Kxf1 Nxb2 13. Nh3 O-O-O
14. Rb1 Na4 15. c4 Qa5 16. Kg2 Qa6 17. Rhc1 g6 18. fxg6 Qxg6 19. Nf4 Qa6
20. Qe5 Rg8 21. Nd5 Rd7 22. Nb4 Qb6 23. c5 Qe6 24. c6 bxc6 25. Nxc6 Nb6 26.
Qa5 Rd5 27. Qxa7 Rdg5 28. Kh1 1-0

[Event "7th UI&UL GM"]
[Site "Dhaka BAN"]
[Date "2005.04.05"]
[Round "1"]
[White "Abdul,Mal"]
[Black "Roktim,B"]
[Result "1/2-1/2"]
[WhiteElo "2191"]
[BlackElo "2389"]
[EventDate "2005.04.05"]

1. Nf3 Nf6 2. d4 e6 3. g3 b6 4. Bg2 Bb7 5. O-O Be7 6. c4 O-O 7. Nc3 Ne4 8.
Qd3 Nxc3 9. Qxc3 f5 10. Ne5 Bxg2 11. Kxg2 Nc6 12. Nxc6 dxc6 13. Rd1 Qd7 14.
Bf4 Bd6 15. Be5 Rf7 16. f4 Rd8 1/2-1/2

[Event "7th UI&UL GM"]
[Site "Dhaka BAN"]
[Date "2005.04.05"]
[Round "1"]
[White "Mohammad,J"]
[Black "Prathamesh,S"]
[Result "0-1"]
[WhiteElo "2186"]
[BlackElo "2368"]
[EventDate "2005.04.05"]

1. e4 c5 2. Nf3 e6 3. d4 cxd4 4. Nxd4 a6 5. c4 Nf6 6. Bd3 Nc6 7. Nb3 Qc7 8.
O-O d6 9. Nc3 Ne5 10. Bf4 b6 11. Rc1 Bb7 12. Qe2 Be7 13. Be3 Rc8 14. Nd2
O-O 15. Na4 Nfd7 16. Bb1 Rfe8 17. f4 Ng6 18. Nf3 Qb8 19. f5 exf5 20. exf5
Ngf8 21. Qd2 b5 22. cxb5 axb5 23. Nc3 b4 24. Ne4 d5 25. Neg5 Nf6 26. Bd4 h6
27. Nh3 N8d7 28. Bd3 Ne4 29. Qe3 Bd6 30. Rxc8 Qxc8 31. Bb5 Ng3 32. Rc1 Rxe3
33. Rxc8+ Bxc8 34. Bxe3 Nxf5 35. Bf4 Bc5+ 36. Kf1 Nd6 37. Bc6 Ba6+ 38. Ke1
Nb6 39. Nf2 Nf5 40. Ng4 Ne7 41. Nge5 g5 42. Bg3 g4 43. Nh4 Bd4 44. Be8 Kf8
45. Nxf7 Kxe8 46. Nxh6 Bxb2 47. Nxg4 Bc3+ 48. Kd1 Bc4 49. Be5 Bxa2 50. Bxc3
bxc3 51. Kc2 Na4 52. Nf3 Nc6 53. Nge5 Nb4+ 54. Kc1 Nc5 55. h4 Nb3+ 0-1

[Event "7th UI&UL GM"]
[Site "Dhaka BAN"]
[Date "2005.04.05"]
[Round "1"]
[White "Lahiri,A"]
[Black "Uten"]
[Result "1-0"]
[WhiteElo "2355"]
[BlackElo "2177"]
[EventDate "2005.04.05"]

1. d4 d5 2. c4 e6 3. Nc3 Nf6 4. Bg5 c6 5. e3 Nbd7 6. Nf3 Bb4 7. Bd3 dxc4 8.
Bxc4 Qa5 9. O-O Bxc3 10. bxc3 Ne4 11. Bf4 O-O 12. Bd3 Nxc3 13. Qd2 Qa3 14.
e4 Na4 15. Rac1 Rd8 16. Bc7 Re8 17. Rfd1 Qe7 18. d5 e5 19. dxc6 bxc6 20.
Rxc6 Bb7 21. Bb5 Nac5 22. Bd6 Qe6 23. Ng5 Qf6 24. Rxc5 Nxc5 25. Bxe8 Rxe8
26. Bxc5 h6 27. Qb4 Rd8 28. Re1 Rd7 29. Nf3 g5 30. h3 g4 31. hxg4 1-0

[Event "7th UI&UL GM"]
[Site "Dhaka BAN"]
[Date "2005.04.05"]
[Round "1"]
[White "Hossain,Mon"]
[Black "Hasan,Me"]
[Result "0-1"]
[WhiteElo "2170"]
[BlackElo "2322"]
[EventDate "2005.04.05"]

1. d4 d5 2. c4 c6 3. Nc3 Nf6 4. Nf3 dxc4 5. e3 b5 6. a4 b4 7. Na2 e6 8.
Bxc4 Bb7 9. O-O Nbd7 10. Bd2 a5 11. Nc1 c5 12. Nb3 cxd4 13. Nbxd4 Bc5 14.
Rc1 O-O 15. Ng5 Qe7 16. Qe2 h6 17. Ngxe6 fxe6 18. Nxe6 Kh8 19. Nxf8 Rxf8
20. Ba6 Ba8 21. Kh1 Ne4 22. Bb5 Ndf6 23. Be1 Qe5 24. Rd1 Nd6 25. Bd3 Re8
26. Rg1 h5 27. Bg6 Ng4 28. f4 Qxe3 29. Qxe3 Rxe3 30. Bxh5 Rxe1 31. Bxg4
Rxg1+ 32. Rxg1 Bxg1 33. Kxg1 Bc6 34. Kf2 Bxa4 35. Be6 Bb5 36. b3 a4 37.
bxa4 Bxa4 38. Ke3 b3 39. Kd2 b2 40. Ba2 Nb5 41. g4 Na3 42. Kc3 b1=Q 43.
Bxb1 Nxb1+ 44. Kd3 Bd7 45. f5 Kg8 46. Ke4 Kf7 47. h4 Nd2+ 48. Kf4 Nc4 49.
h5 Nd6 50. Ke5 Ke7 51. Kf4 Nxf5 52. gxf5 Kf6 53. h6 gxh6 54. Kg4 Bxf5+ 55.
Kh5 Kg7 0-1

[Event "7th UI&UL GM"]
[Site "Dhaka BAN"]
[Date "2005.04.05"]
[Round "1"]
[White "Hasan Md,E"]
[Black "Gunasekaran,K"]
[Result "1/2-1/2"]
[WhiteElo "2162"]
[BlackElo "2312"]
[EventDate "2005.04.05"]

1. e4 c6 2. d3 d5 3. Nc3 dxe4 4. Nxe4 Nd7 5. Qe2 e6 6. Bf4 Ngf6 7. O-O-O
Nd5 8. Nh3 Nxf4 9. Nxf4 Nf6 10. Kb1 Be7 11. h4 b6 12. Nh5 Nxh5 13. Qxh5 Qd5
14. Qg4 O-O 15. c4 Qd4 16. Qg3 f5 17. Nc3 Bf6 18. Qe3 Bd7 19. Be2 b5 20.
Rd2 b4 21. Nd1 a5 22. g4 f4 23. Qe4 c5 24. Bf3 Rad8 25. g5 Qxe4 26. Bxe4
Be5 27. f3 Be8 28. Nf2 Bh5 29. Rf1 Rd6 30. Ng4 a4 31. Rh2 Rb6 32. Rg2 Kh8
33. Rh2 Rd6 34. Rg2 1/2-1/2

[Event "7th UI&UL GM"]
[Site "Dhaka BAN"]
[Date "2005.04.05"]
[Round "1"]
[White "Sangma,R"]
[Black "Shamima,A"]
[Result "1-0"]
[WhiteElo "2311"]
[BlackElo "2061"]
[EventDate "2005.04.05"]

1. c4 e5 2. g3 Nf6 3. Bg2 Nc6 4. Nc3 Bc5 5. e3 d6 6. Nge2 Nb4 7. d4 Bf5 8.
O-O Nc2 9. dxc5 Nxa1 10. c6 Bc2 11. cxb7 Rb8 12. Bc6+ Nd7 13. Qd2 O-O 14.
b4 Nb6 15. Nd5 Nxd5 16. Bxd5 Ba4 17. Nc3 Qd7 18. b5 Bc2 19. e4 a5 20. Bb2
Nb3 21. axb3 Bxb3 22. Ra1 a4 23. Nxa4 Bxa4 24. Rxa4 Kh8 25. Qg5 f5 26. exf5
Rxf5 27. Qg4 h5 28. Qg6 1-0

[Event "7th UI&UL GM"]
[Site "Dhaka BAN"]
[Date "2005.04.06"]
[Round "2"]
[White "Rahman,Zia"]
[Black "Roy Chowdhury,S"]
[Result "1-0"]
[WhiteElo "2538"]
[BlackElo "2397"]
[EventDate "2005.04.05"]

1. Nf3 d5 2. d4 Bf5 3. c4 e6 4. Nc3 Nc6 5. Bf4 Nf6 6. e3 a6 7. Rc1 Be7 8.
cxd5 Nxd5 9. Bg3 Nxc3 10. bxc3 Ba3 11. Rb1 Bxb1 12. Qxb1 Rb8 13. Bd3 Bd6
14. e4 Bxg3 15. hxg3 Ne7 16. Ng5 h6 17. e5 b5 18. Qc1 Nd5 19. Ne4 b4 20. c4
Nc3 21. Qf4 Nxe4 22. Qxe4 Qd7 23. Qg4 Kf8 24. d5 Rd8 25. Be4 exd5 26. Qxd7
Rxd7 27. cxd5 Ke7 28. Ke2 a5 29. Rc1 Rb8 30. Rc5 a4 31. Bf5 Rdd8 32. Rxc7+
Kf8 33. d6 b3 34. axb3 axb3 35. f4 b2 36. Bb1 Rdc8 37. Kd2 Rxc7 38. dxc7
Rc8 39. Kc3 Rxc7+ 40. Kxb2 Rb7+ 41. Kc2 Rb4 42. Ba2 g5 43. Kc3 Re4 44. Kd3
Ra4 45. Bb3 Ra3 46. Kc2 Ra1 47. Kd2 Ke7 48. f5 Rf1 49. f6+ Kf8 50. Ke3 Ra1
51. Bc4 Ra3+ 52. Bd3 Ke8 53. g4 Kd7 54. Kd4 Ra4+ 55. Bc4 Kc6 56. e6 fxe6
57. f7 Ra8 58. Ke5 Kd7 59. Kf6 Kd6 60. Bxe6 Rb8 61. Bb3 Ra8 62. Ba4 1-0

[Event "7th UI&UL GM"]
[Site "Dhaka BAN"]
[Date "2005.04.06"]
[Round "2"]
[White "Fominyh,A"]
[Black "Saptarshi,R"]
[Result "1-0"]
[WhiteElo "2505"]
[BlackElo "2391"]
[EventDate "2005.04.05"]

1. d4 d5 2. Nf3 e6 3. c4 c6 4. Qc2 f5 5. Bg5 Nf6 6. e3 Qa5+ 7. Nfd2 Ne4 8.
h4 Bb4 9. Bd3 Na6 10. Bxe4 dxe4 11. O-O e5 12. Nb3 Qc7 13. dxe5 Be7 14. Qc3
Bxg5 15. hxg5 Qe7 16. N1d2 Qxg5 17. f3 h5 18. fxe4 h4 19. Nf3 Qg4 20. Nh2
Qg6 21. Rad1 h3 22. Rd2 fxe4 23. Qd4 Bf5 24. Qd6 hxg2 25. Qxg6+ Bxg6 26.
Rxg2 Bf7 27. Na5 O-O 28. Ng4 Kh7 29. Rf4 Bg6 30. Nf6+ gxf6 31. Rh4+ Kg7 32.
Rhg4 Kf7 33. Rxg6 Ke6 34. exf6 Rxf6 35. Nxb7 Rb8 36. Na5 c5 37. Nb3 Rb6 38.
R6g4 Ke5 39. Rh4 Rf3 40. Rh5+ Kf6 41. Rf2 Kg6 42. Rxf3 exf3 43. Re5 Nb4 44.
Nxc5 Nxa2 45. Nd3 Rb3 46. Rd5 Nb4 47. Nf4+ Kh6 48. Rd6+ Kg5 49. Kf2 Rxb2+
50. Kxf3 a5 51. Rb6 a4 52. Ke4 a3 53. Rg6+ Kh4 54. Kf3 1-0

[Event "7th UI&UL GM"]
[Site "Dhaka BAN"]
[Date "2005.04.06"]
[Round "2"]
[White "Reefat,S"]
[Black "Lahiri,A"]
[Result "1-0"]
[WhiteElo "2473"]
[BlackElo "2355"]
[EventDate "2005.04.05"]

1. e4 e6 2. d4 d5 3. e5 c5 4. c3 Nc6 5. Nf3 Bd7 6. Be2 Nge7 7. Na3 Ng6 8.
Nc2 Be7 9. g3 O-O 10. h4 cxd4 11. cxd4 f6 12. h5 Nh8 13. exf6 Bxf6 14. O-O
Nf7 15. Bf4 Nxd4 16. Ncxd4 e5 17. Nxe5 Bxe5 18. Bxe5 Nxe5 19. Qb3 Bh3 20.
Rfe1 Rf7 21. Bf1 Bxf1 22. Rxe5 Qf6 23. f4 Bh3 24. Rae1 Rd7 25. Qd1 Rd6 26.
Kh2 Bd7 27. Qb3 Bc6 28. Nxc6 bxc6 29. Re8+ Rxe8 30. Rxe8+ Kf7 31. Qb8 1-0

[Event "7th UI&UL GM"]
[Site "Dhaka BAN"]
[Date "2005.04.06"]
[Round "2"]
[White "Prathamesh,S"]
[Black "Safin,S"]
[Result "1-0"]
[WhiteElo "2368"]
[BlackElo "2463"]
[EventDate "2005.04.05"]

1. e4 e5 2. Nf3 Nc6 3. Bb5 a6 4. Ba4 Nge7 5. c3 d6 6. d4 Bd7 7. Bb3 h6 8.
Nbd2 Ng6 9. Nc4 Be7 10. Ne3 Bg5 11. Nd5 Bxc1 12. Qxc1 Bg4 13. Qe3 Bxf3 14.
gxf3 Nce7 15. O-O-O Nxd5 16. Bxd5 c6 17. Bb3 Qe7 18. dxe5 dxe5 19. Rhg1 Rd8
20. Rxd8+ Kxd8 21. Qa7 Qc7 22. Bxf7 Qxf7 23. Qb8+ Ke7 24. Qxb7+ Kf8 25.
Qc8+ Ke7 26. Qc7+ Kf8 27. Qd8+ Qe8 28. Qxe8+ Kxe8 29. Rxg6 Rf8 30. Rxc6
Rxf3 31. Re6+ Kd7 32. Rxa6 Rxf2 33. Ra7+ Kc6 34. Rxg7 Rxh2 35. Kb1 h5 36.
Rg5 Kd6 37. b4 h4 38. Rh5 Ke6 39. a4 Kf6 40. a5 Kg6 41. Rh8 Kg7 42. a6 Kxh8
43. a7 1-0

[Event "7th UI&UL GM"]
[Site "Dhaka BAN"]
[Date "2005.04.06"]
[Round "2"]
[White "Abdulla,AlR"]
[Black "Sangma,R"]
[Result "1-0"]
[WhiteElo "2462"]
[BlackElo "2311"]
[EventDate "2005.04.05"]

1. d4 e6 2. Nf3 Nf6 3. c4 b6 4. Nc3 Bb4 5. Qb3 c5 6. Bg5 h6 7. Bh4 Bb7 8.
O-O-O Nc6 9. d5 Na5 10. Qc2 Bxc3 11. Qxc3 exd5 12. cxd5 O-O 13. Bxf6 Qxf6
14. Qxf6 gxf6 15. e3 c4 16. Nh4 Rfe8 17. Nf5 Kh7 18. Nd6 Re5 19. e4 Rg8 20.
Rd4 Re7 21. g3 a6 22. Bxc4 b5 23. Bd3 Ba8 24. e5+ Kg7 25. Nf5+ Kf8 26. Nxe7
Kxe7 27. exf6+ Kxf6 28. Re1 1-0

[Event "7th UI&UL GM"]
[Site "Dhaka BAN"]
[Date "2005.04.06"]
[Round "2"]
[White "Vijayalakshmi,S"]
[Black "Pg,MOAHirawan"]
[Result "1-0"]
[WhiteElo "2412"]
[BlackElo "2230"]
[EventDate "2005.04.05"]

1. Nf3 Nf6 2. g3 g6 3. Bg2 Bg7 4. O-O O-O 5. d3 d6 6. c4 e5 7. Nc3 Nc6 8.
Rb1 d5 9. cxd5 Nxd5 10. Nxe5 Nxc3 11. Nxc6 Nxd1 12. Nxd8 Nxf2 13. Bxb7 Bxb7
14. Nxb7 Ng4 15. h3 Bd4+ 16. Kg2 Bb6 17. hxg4 Rab8 18. Bf4 Rxb7 19. Rbc1
Re8 20. Kf3 f6 21. Rc6 a5 22. b3 Kg7 23. Rfc1 Re7 24. g5 fxg5 25. Bxg5 Rf7+
26. Kg4 Rb8 27. Bf4 Re8 28. R1c2 Ree7 29. e4 Rd7 30. Be5+ Kg8 31. Rd2 h5+
32. Kh3 Kh7 33. Bf4 Rfe7 34. Kh4 Bd4 35. Kg5 Rg7 36. Re2 Bb6 37. e5 Rxd3
38. e6 Rd5+ 39. Re5 Rd8 40. Rc4 Re8 41. Kh4 Rge7 42. Rce4 c6 43. Re1 Bc7
44. R5e4 Bxf4 45. gxf4 Kh6 46. Re5 Rd8 47. Rxa5 Rd4 48. Kg3 Kg7 49. Rae5
Kf6 50. R1e3 Rd6 51. a4 Rdxe6 52. a5 Rxe5 53. fxe5+ Ke6 54. Rc3 Kd5 55. b4
Rb7 56. Rc5+ Ke6 57. Rxc6+ Kxe5 58. Rc4 Kd5 59. a6 Ra7 60. Rc5+ Kd6 61. Rg5
Rg7 62. Rb5 g5 63. Rb6+ Kd5 64. Rb7 Rg6 65. b5 g4 66. a7 1-0

[Event "7th UI&UL GM"]
[Site "Dhaka BAN"]
[Date "2005.04.06"]
[Round "2"]
[White "Haque,R1"]
[Black "Satyapragyan,S"]
[Result "1/2-1/2"]
[WhiteElo "2188"]
[BlackElo "2401"]
[EventDate "2005.04.05"]

1. Nf3 c5 2. d3 g6 3. e4 Bg7 4. Be2 Nc6 5. O-O d6 6. c3 Nf6 7. Bg5 h6 8.
Bh4 O-O 9. Nbd2 Nh5 10. Re1 g5 11. Bg3 Nxg3 12. hxg3 b5 13. d4 cxd4 14.
Bxb5 dxc3 15. Bxc6 cxd2 16. Qxd2 Rb8 17. Rab1 Qb6 18. Rec1 Qb4 19. Qxb4
Rxb4 20. b3 f5 21. a3 Rb8 22. b4 Kh8 23. b5 fxe4 24. Bxe4 e6 25. Bc6 Bf6
26. a4 g4 27. Nh2 h5 28. Rd1 d5 29. f3 gxf3 30. gxf3 Bd8 31. Kg2 Bb6 32.
Ra1 Ba5 33. Ra3 Bb7 34. Bxb7 Rxb7 35. Re3 Rf6 36. Re5 Rh6 37. Rc1 Rc7 38.
Rxc7 Bxc7 39. Re2 Rg6 40. Nf1 e5 41. Ne3 e4 42. f4 Bxf4 43. Nxd5 Rxg3+ 44.
Kf2 Rf3+ 45. Kg2 Rg3+ 46. Kf2 Rf3+ 1/2-1/2

[Event "7th UI&UL GM"]
[Site "Dhaka BAN"]
[Date "2005.04.06"]
[Round "2"]
[White "Ramu,K"]
[Black "Ganguly,S"]
[Result "0-1"]
[WhiteElo "2291"]
[BlackElo "2583"]
[EventDate "2005.04.05"]

1. e4 e6 2. d3 d5 3. Nd2 Nf6 4. Ngf3 Nc6 5. g3 dxe4 6. dxe4 e5 7. Bg2 Bc5
8. O-O O-O 9. c3 a5 10. Qc2 b6 11. Nc4 Ba6 12. Rd1 Qe7 13. Ne3 Rad8 14. Nd5
Nxd5 15. exd5 e4 16. Ng5 Bd3 17. Rxd3 exd3 18. Qd1 Rfe8 19. Bf4 Qe2 20.
Qxe2 Rxe2 21. Ne4 Rxd5 22. Rd1 Rxb2 23. Bxc7 Rxa2 24. Nf6+ gxf6 25. Bxd5
Rxf2 26. Kh1 Ne5 27. Bxe5 fxe5 28. Rxd3 a4 0-1

[Event "7th UI&UL GM"]
[Site "Dhaka BAN"]
[Date "2005.04.06"]
[Round "2"]
[White "Syed Anwar,S"]
[Black "Iuldachev,S"]
[Result "0-1"]
[WhiteElo "2305"]
[BlackElo "2537"]
[EventDate "2005.04.05"]

1. d4 Nf6 2. Nf3 d6 3. b3 Bg4 4. e3 Nbd7 5. Bb2 e5 6. Be2 e4 7. Nfd2 Bxe2
8. Qxe2 d5 9. c4 c6 10. cxd5 cxd5 11. O-O Bb4 12. Ba3 a5 13. f3 exf3 14.
Qxf3 O-O 15. Bxb4 axb4 16. e4 Qb6 0-1

[Event "7th UI&UL GM"]
[Site "Dhaka BAN"]
[Date "2005.04.06"]
[Round "2"]
[White "Ram,S"]
[Black "Islam,Kh"]
[Result "0-1"]
[WhiteElo "2255"]
[BlackElo "2312"]
[EventDate "2005.04.05"]

1. Nf3 d5 2. d4 Nf6 3. c4 e6 4. Bg5 Be7 5. e3 h6 6. Bh4 O-O 7. Nc3 b6 8.
Qc2 Bb7 9. Bd3 Nbd7 10. O-O c5 11. Rfd1 cxd4 12. Nxd4 Rc8 13. Qe2 Ne4 14.
Bxe4 dxe4 15. Bxe7 Qxe7 16. Ndb5 Ne5 17. Nd6 Rc5 18. b4 Nf3+ 19. gxf3 exf3
20. Qd3 Rh5 21. e4 Qg5+ 22. Kf1 Qg2+ 23. Ke1 Rxh2 24. Qe3 Rd8 25. e5 Qg1+
26. Kd2 Rxf2+ 27. Kd3 Qg6+ 28. Kd4 Qg4+ 29. Kd3 Qf5+ 30. Kd4 Rg2 31. Ncb5
Re2 0-1

[Event "7th UI&UL GM"]
[Site "Dhaka BAN"]
[Date "2005.04.06"]
[Round "2"]
[White "Gunasekaran,K"]
[Black "Abdul,Mal"]
[Result "1-0"]
[WhiteElo "2312"]
[BlackElo "2191"]
[EventDate "2005.04.05"]

1. d4 Nf6 2. Nf3 g6 3. Bf4 Bg7 4. e3 O-O 5. h3 d6 6. Be2 Nbd7 7. O-O Qe8 8.
c4 e5 9. Bh2 Qe7 10. Nc3 c6 11. Rc1 Ne8 12. b4 e4 13. Nd2 f5 14. c5 d5 15.
b5 Bh6 16. Qb3 Kh8 17. bxc6 bxc6 18. Nxd5 cxd5 19. Qxd5 Rb8 20. Bxb8 Nxb8
21. Rb1 Nf6 22. Qb3 Be6 23. Bc4 Bxc4 24. Nxc4 f4 25. Rfe1 Nh5 26. Ne5 f3
27. Qd5 Qg5 28. Nf7+ Rxf7 29. Rxb8+ Kg7 30. Qxg5 Bxg5 31. gxf3 exf3 32.
Reb1 Nf6 33. c6 Ne4 34. R8b7 Nd6 35. Rxf7+ Kxf7 36. e4 Ke7 37. e5 Ne4 38.
d5 Bh4 39. d6+ Nxd6 40. Rb7+ Ke6 41. exd6 Kxd6 42. Rxh7 1-0

[Event "7th UI&UL GM"]
[Site "Dhaka BAN"]
[Date "2005.04.06"]
[Round "2"]
[White "Uddin,S"]
[Black "Akshayraj,K"]
[Result "0-1"]
[WhiteElo "2205"]
[BlackElo "2388"]
[EventDate "2005.04.05"]

1. Nf3 d6 2. d4 Nf6 3. g3 Nbd7 4. c4 e5 5. Nc3 g6 6. Bg2 Bg7 7. O-O O-O 8.
e4 c6 9. h3 Re8 10. b3 exd4 11. Nxd4 Nc5 12. Re1 Qa5 13. Bb2 Nfd7 14. Re3
Qb6 15. Nc2 Ne5 16. Rb1 Be6 17. Kh2 Rad8 18. f4 Ned7 19. b4 Na6 20. Na4 Qc7
21. Bxg7 Kxg7 22. Bf1 f6 23. Nb2 Bf7 24. Qd2 Nf8 25. a3 Nb8 26. Rd1 Rd7 27.
Bg2 a6 28. Rd3 Red8 29. Ne3 b5 30. Qc3 h5 31. Kh1 Nh7 32. g4 hxg4 33. Nxg4
bxc4 34. Nxc4 d5 35. exd5 cxd5 36. Nd2 Qxf4 37. Rf1 d4 38. Qb2 Qc7 39. Nf3
Be6 40. Rxd4 Rxd4 41. Nxd4 Bxg4 42. hxg4 Qe5 43. Rd1 Ng5 44. Qa1 Rh8+ 45.
Kg1 Qe3+ 46. Kf1 Qf4+ 47. Kg1 Nh3+ 48. Bxh3 Qe3+ 49. Kf1 Rxh3 50. Ne2 Rh2
0-1

[Event "7th UI&UL GM"]
[Site "Dhaka BAN"]
[Date "2005.04.06"]
[Round "2"]
[White "Islam,AP"]
[Black "Mohota,N"]
[Result "0-1"]
[WhiteElo "2203"]
[BlackElo "2297"]
[EventDate "2005.04.05"]

1. Nf3 c5 2. e4 d6 3. d4 cxd4 4. Qxd4 Nc6 5. Bb5 Bd7 6. Bxc6 Bxc6 7. c4 f5
8. Nc3 e5 9. Qd3 fxe4 10. Nxe4 Nf6 11. Nfg5 Nxe4 12. Nxe4 Be7 13. O-O O-O
14. Nc3 Kh8 15. Nd5 Bg5 16. b4 Rc8 17. Be3 b6 18. Rad1 Bb7 19. a4 Ba6 20.
Rc1 h6 21. f4 exf4 22. Bxf4 Bb7 23. Bxg5 Qxg5 24. Rxf8+ Rxf8 25. Rd1 h5 26.
Qe3 Qg4 27. Rd4 Qg6 28. Rd1 Re8 29. Qf2 Qg4 30. Rd4 Re1+ 31. Qxe1 Qxd4+ 32.
Ne3 Be4 33. h3 Kg8 34. Kh2 g6 35. Qf2 Qe5+ 36. Kg1 Qa1+ 37. Kh2 Qe5+ 38.
Kg1 Kg7 39. Qd2 Kf6 40. a5 bxa5 41. bxa5 Ke6 42. Kf2 Kd7 43. Kg1 h4 44. Ng4
Qc5+ 45. Kh2 Kc6 46. Qf4 Qxc4 47. Qf8 Qe2 48. Qa8+ Kb5 49. Qb8+ Ka4 50.
Qe8+ Ka3 51. Nf2 Bd3 52. Qf8 Qe5+ 53. Kg1 Be2 54. Qd8 g5 55. Qc7 Qc5 56.
Qe7 Bd3 57. Qe1 Bg6 58. Kh1 d5 59. Qa1+ Kb3 60. Nd1 Qc2 61. Qd4 Qd3 62.
Qb2+ Kc4 63. Qc1+ Kb4 64. Kh2 Be4 65. Qb2+ Kxa5 66. Nc3 Qc4 67. Qa3+ Kb6
68. Qd6+ Kb7 69. Qe7+ Qc7+ 0-1